Micro-macro

Gardado en:
Detalles Bibliográficos
Main Authors: Gambale, Franco (Author), Diena, Tullia (Author), Poggi, Roberto (Author), Doria, Giuliano (Author)
Formato: Libro
Idioma:Lingua italiana
Publicado: Génova Erga 2004
Series:Manuali Didattica
Subjects:
Tags: Engadir etiqueta
Sen Etiquetas, Sexa o primeiro en etiquetar este rexistro!

MARC

LEADER 00000nam a2200000 a 4500
001 UCK3941
003 CL-VaPUC
008 050513e20040000IT |||||||||||||||||ita|d
020 |a 888163354X 
082 0 4 |a 571.6  |b GAM  |2 21 
100 0 |a Gambale, Franco  |e author  |9 492326 
700 0 |a Diena, Tullia  |e author  |9 492327 
700 0 |a Poggi, Roberto  |e author  |9 492328 
700 0 |a Doria, Giuliano  |e author  |9 492329 
245 1 0 |a Micro-macro 
300 |a 95 p 
942 |c BK 
945 |d 20050513 00:00:00  |a jcarroza 
260 |a Génova  |b Erga  |c 2004 
650 0 |a Células   |9 269548 
650 0 |a Citología  |9 261432 
650 0 |a Fisiología celular   |9 261425 
583 |a last modification  |c 20050513 00:00:00  |k Rodrigo Vera 
490 0 |a Manuali Didattica 
999 |c 312986  |d 312984 
952 |0 0  |1 0  |4 0  |6 571_600000000000000_GAM_2004  |7 0  |8 A  |9 384003  |a BIBCUR  |b BIBCUR  |d 2019-11-22  |i 4103637  |o 571.6 GAM 2004  |p 4103637  |r 2025-04-22  |w 2019-11-22  |y BK  |k BCB